[Rezension von: The ethics of researching the far right]

Saved in:  
Bibliographic Details
Main Author: Virchow, Fabian 1960- (Author)
Format: Electronic Review
Language:German
Published: 2025
In: ZRex
Year: 2025, Volume: 5, Issue: 2, Pages: 331
Online Access: Volltext (kostenfrei)
Rights Information:CC BY 4.0
Check availability: HBZ Gateway
Keywords:

MARC

LEADER 00000naa a2200000 c 4500
001 1940054877
003 DE-627
005 20251103112300.0
007 cr uuu---uuuuu
008 251103s2025 xx |||||oo 00| ||ger c
035 |a (DE-627)1940054877 
035 |a (DE-599)KXP1940054877 
040 |a DE-627  |b ger  |c DE-627  |e rda 
041 |a ger 
084 |a 2,1  |2 ssgn 
100 1 |a Virchow, Fabian  |d 1960-  |e VerfasserIn  |0 (DE-588)132413884  |0 (DE-627)556362055  |0 (DE-576)182547272  |4 aut 
109 |a Virchow, Fabian 1960- 
245 1 0 |a [Rezension von: The ethics of researching the far right]  |c von Fabian Virchow 
264 1 |c 2025 
336 |a Text  |b txt  |2 rdacontent 
337 |a Computermedien  |b c  |2 rdamedia 
338 |a Online-Ressource  |b cr  |2 rdacarrier 
506 0 |a Open Access  |e Controlled Vocabulary for Access Rights  |q DE-2619  |u http://purl.org/coar/access_right/c_abf2 
540 |q DE-2619  |a Namensnennung 4.0 International  |f CC BY 4.0  |2 cc  |u https://creativecommons.org/licenses/by/4.0/ 
655 7 |a Rezension  |0 (DE-588)4049712-4  |0 (DE-627)106186019  |0 (DE-576)209083166  |2 gnd-content 
773 0 8 |i Enthalten in  |t ZRex  |d Leverkusen-Opladen : Verlag Barbara Budrich, 2021  |g 5(2025), 2, Seite 331  |h Online-Ressource  |w (DE-627)1728794080  |w (DE-600)3036280-5  |x 2701-9632  |7 nnas 
773 1 8 |g volume:5  |g year:2025  |g number:2  |g pages:331 
787 0 8 |i Rezension von  |t The ethics of researching the far right  |d Manchester : Manchester University Press, 2024  |h xvii, 401 Seiten  |w (DE-627)1886070970  |z 9781526173881  |z 9781526173874 
787 0 8 |i Rezension von  |t The ethics of researching the far right  |d Manchester : Manchester University Press, 2024  |h 1 Online-Ressource (xvii, 401 Seiten)  |w (DE-627)1908039221  |z 9781526173898 
787 0 8 |i Rezension von  |t The ethics of researching the far right  |d [Erscheinungsort nicht ermittelbar] : Manchester University Press, 2024  |h 1 Online-Ressource (xvii, 401 Seiten)  |w (DE-627)1905513860  |z 9781526173898 
856 4 0 |u https://doi.org/10.3224/zrex.v5i2.16  |x Verlag  |z kostenfrei  |3 Volltext  |7 0 
935 |a rexa 
951 |a AR 
ELC |a 1 
LOK |0 000 xxxxxcx a22 zn 4500 
LOK |0 001 4795714290 
LOK |0 003 DE-627 
LOK |0 004 1940054877 
LOK |0 005 20251103112300 
LOK |0 008 251103||||||||||||||||ger||||||| 
LOK |0 040   |a DE-2619  |c DE-627  |d DE-2619 
LOK |0 092   |o n 
LOK |0 852   |a DE-2619 
LOK |0 852 1  |9 00 
LOK |0 939   |a 03-11-25  |b l01 
OAS |a 1 
ORI |a SA-MARC-krimdoka001.raw